<?xml version="1.0" encoding="UTF-8"?>
<record
    xmlns:xsi="http://www.w3.org/2001/XMLSchema-instance"
    xsi:schemaLocation="http://www.loc.gov/MARC21/slim http://www.loc.gov/standards/marcxml/schema/MARC21slim.xsd"
    xmlns="http://www.loc.gov/MARC21/slim">

  <leader>02928cam a22004575i 4500</leader>
  <datafield tag="999" ind1=" " ind2=" ">
    <subfield code="c">27797</subfield>
    <subfield code="d">27768</subfield>
  </datafield>
  <controlfield tag="001">20855701</controlfield>
  <controlfield tag="003">EG-ScBUE</controlfield>
  <controlfield tag="005">20191204142858.0</controlfield>
  <controlfield tag="008">190215s2018    nyua   f      001 0aeng d</controlfield>
  <datafield tag="020" ind1=" " ind2=" ">
    <subfield code="a">9780374201234</subfield>
  </datafield>
  <datafield tag="020" ind1=" " ind2=" ">
    <subfield code="a">0374201234</subfield>
  </datafield>
  <datafield tag="035" ind1=" " ind2=" ">
    <subfield code="a">(OCoLC)on1056952281</subfield>
  </datafield>
  <datafield tag="040" ind1=" " ind2=" ">
    <subfield code="a">NjBwBT</subfield>
    <subfield code="b">eng</subfield>
    <subfield code="c">FMG</subfield>
    <subfield code="e">rda</subfield>
    <subfield code="d">FMG</subfield>
    <subfield code="d">TCH</subfield>
    <subfield code="d">OCLCO</subfield>
    <subfield code="d">ABJ</subfield>
    <subfield code="d">ILC</subfield>
    <subfield code="d">ORK</subfield>
    <subfield code="d">BKL</subfield>
    <subfield code="d">JQM</subfield>
    <subfield code="d">IGA</subfield>
    <subfield code="d">BUR</subfield>
    <subfield code="d">NDS</subfield>
    <subfield code="d">VP@</subfield>
    <subfield code="d">OCLCF</subfield>
    <subfield code="d">CZA</subfield>
    <subfield code="d">CNWPU</subfield>
    <subfield code="d">YDX</subfield>
    <subfield code="d">LIV</subfield>
    <subfield code="d">BLP</subfield>
    <subfield code="d">A2A</subfield>
    <subfield code="d">QQ3</subfield>
    <subfield code="d">MYL</subfield>
    <subfield code="d">HQD</subfield>
    <subfield code="d">JVB</subfield>
    <subfield code="d">UAT</subfield>
    <subfield code="d">IMD</subfield>
    <subfield code="d">OCLCQ</subfield>
    <subfield code="d">OCLCO</subfield>
    <subfield code="d">OCL</subfield>
    <subfield code="d">PRSPR</subfield>
    <subfield code="d">CPS</subfield>
    <subfield code="d">OCLCO</subfield>
    <subfield code="d">NDD</subfield>
    <subfield code="d">IVG</subfield>
    <subfield code="d">OCLCO</subfield>
    <subfield code="d">DYJ</subfield>
    <subfield code="d">IV2</subfield>
    <subfield code="d">TP7</subfield>
    <subfield code="d">DLC</subfield>
    <subfield code="d">EG-ScBUE</subfield>
  </datafield>
  <datafield tag="043" ind1=" " ind2=" ">
    <subfield code="a">n-us---</subfield>
  </datafield>
  <datafield tag="082" ind1="0" ind2="4">
    <subfield code="a">796.323092</subfield>
    <subfield code="b">BRY</subfield>
    <subfield code="2">22</subfield>
  </datafield>
  <datafield tag="100" ind1="1" ind2=" ">
    <subfield code="a">Bryant, Kobe,</subfield>
    <subfield code="d">1978-</subfield>
    <subfield code="e">author.</subfield>
  </datafield>
  <datafield tag="245" ind1="1" ind2="4">
    <subfield code="a">The Mamba mentality :</subfield>
    <subfield code="b">how i play /</subfield>
    <subfield code="c">Kobe Bryant ; foreword by Pau Gasol ; introduction by Phil Jackson ; photographs and afterword by Andrew D. Bernstein.</subfield>
  </datafield>
  <datafield tag="250" ind1=" " ind2=" ">
    <subfield code="a">First edition.</subfield>
  </datafield>
  <datafield tag="264" ind1=" " ind2="1">
    <subfield code="a">New York :</subfield>
    <subfield code="b">MCD, Farrar, Strauss and Giroux,</subfield>
    <subfield code="c">2018.</subfield>
  </datafield>
  <datafield tag="300" ind1=" " ind2=" ">
    <subfield code="a">207 pages :</subfield>
    <subfield code="b">illustrations (chiefly color) ;</subfield>
    <subfield code="c">29 cm</subfield>
  </datafield>
  <datafield tag="336" ind1=" " ind2=" ">
    <subfield code="a">text</subfield>
    <subfield code="b">txt</subfield>
    <subfield code="2">rdacontent</subfield>
  </datafield>
  <datafield tag="336" ind1=" " ind2=" ">
    <subfield code="a">still image</subfield>
    <subfield code="b">sti</subfield>
    <subfield code="2">rdacontent</subfield>
  </datafield>
  <datafield tag="337" ind1=" " ind2=" ">
    <subfield code="a">unmediated</subfield>
    <subfield code="b">n</subfield>
    <subfield code="2">rdamedia</subfield>
  </datafield>
  <datafield tag="338" ind1=" " ind2=" ">
    <subfield code="a">volume</subfield>
    <subfield code="b">nc</subfield>
    <subfield code="2">rdacarrier</subfield>
  </datafield>
  <datafield tag="500" ind1=" " ind2=" ">
    <subfield code="a">Includes index.</subfield>
  </datafield>
  <datafield tag="505" ind1="0" ind2=" ">
    <subfield code="a">Foreword -- Introduction -- Process -- Craft -- Facts &amp; Figures -- Chronology -- Afterword -- Index.</subfield>
  </datafield>
  <datafield tag="520" ind1=" " ind2=" ">
    <subfield code="a">In the wake of his retirement from professional basketball, Kobe "The Black Mamba" Bryant shares his vast knowledge and understanding of the game. Citing an obligation to teach young players, hardcore fans, and devoted students of the game how to play it "the right way," The Mamba Mentality takes us inside the mind of one of the most analytical and creative basketball players ever. Bryant reveals his famously detailed approach and the steps he took to prepare mentally and physically to not just succeed at the game, but to excel. Readers learn how Bryant studied an opponent, how he channeled his passion for the game, how he played through injuries. They also get granular detail as he breaks down specific plays and match-ups from throughout his career.</subfield>
  </datafield>
  <datafield tag="520" ind1=" " ind2=" ">
    <subfield code="a">The NBA great nicknamed "The Black Mamba" shares his knowledge and understanding of basketball, outlining his detailed approach to preparing both physically and mentally to succeed at the game and revealing the core of his "Mamba mentality."</subfield>
  </datafield>
  <datafield tag="600" ind1="1" ind2="7">
    <subfield code="a">Bryant, Kobe,</subfield>
    <subfield code="d">1978-</subfield>
    <subfield code="2">BUEsh</subfield>
  </datafield>
  <datafield tag="610" ind1="2" ind2="7">
    <subfield code="a">Los Angeles Lakers (Basketball team)</subfield>
    <subfield code="2">BUEsh</subfield>
  </datafield>
  <datafield tag="650" ind1=" " ind2="7">
    <subfield code="a">Basketball players</subfield>
    <subfield code="z">United States</subfield>
    <subfield code="v">Biography.</subfield>
    <subfield code="2">BUEsh</subfield>
  </datafield>
  <datafield tag="650" ind1=" " ind2="7">
    <subfield code="a">Basketball</subfield>
    <subfield code="x">Training.</subfield>
    <subfield code="2">BUEsh</subfield>
  </datafield>
  <datafield tag="650" ind1=" " ind2="7">
    <subfield code="a">Basketball</subfield>
    <subfield code="x">Psychological aspects.</subfield>
    <subfield code="2">BUEsh</subfield>
  </datafield>
  <datafield tag="650" ind1=" " ind2="7">
    <subfield code="a">African American basketball players.</subfield>
    <subfield code="2">BUEsh</subfield>
  </datafield>
  <datafield tag="653" ind1=" " ind2=" ">
    <subfield code="b">GGEN</subfield>
    <subfield code="c">November2019</subfield>
  </datafield>
  <datafield tag="655" ind1=" " ind2=" ">
    <subfield code="v">Reading book</subfield>
  </datafield>
  <datafield tag="700" ind1="1" ind2=" ">
    <subfield code="a">Gasol, Pau,</subfield>
    <subfield code="d">1980-</subfield>
    <subfield code="e">author of foreword.</subfield>
  </datafield>
  <datafield tag="700" ind1="1" ind2=" ">
    <subfield code="a">Jackson, Phil,</subfield>
    <subfield code="e">author of introduction.</subfield>
  </datafield>
  <datafield tag="700" ind1="1" ind2=" ">
    <subfield code="a">Bernstein, Andrew D.,</subfield>
    <subfield code="e">photographer,</subfield>
    <subfield code="e">author of afterword.</subfield>
  </datafield>
  <datafield tag="942" ind1=" " ind2=" ">
    <subfield code="2">ddc</subfield>
    <subfield code="c">BB</subfield>
  </datafield>
  <datafield tag="952" ind1=" " ind2=" ">
    <subfield code="0">0</subfield>
    <subfield code="1">0</subfield>
    <subfield code="2">ddc</subfield>
    <subfield code="4">0</subfield>
    <subfield code="7">0</subfield>
    <subfield code="8">Baccah</subfield>
    <subfield code="a">MAIN</subfield>
    <subfield code="b">MAIN</subfield>
    <subfield code="c">2ND</subfield>
    <subfield code="d">2019-11-21</subfield>
    <subfield code="e">Purchase</subfield>
    <subfield code="g">550.00</subfield>
    <subfield code="l">2</subfield>
    <subfield code="m">8</subfield>
    <subfield code="o">796.323092 BRY</subfield>
    <subfield code="p">000048279</subfield>
    <subfield code="r">2025-07-15 00:00:00</subfield>
    <subfield code="s">2020-03-11</subfield>
    <subfield code="v">687.50</subfield>
    <subfield code="w">2019-11-21</subfield>
    <subfield code="y">BB</subfield>
  </datafield>
</record>
